| 000 | 00925pam a2200277 a 4500 | ||
|---|---|---|---|
| 001 | 15527959 | ||
| 003 | OSt | ||
| 005 | 20160509135507.0 | ||
| 008 | 081119s2008 enka b 001 0 eng | ||
| 010 | _a 2008279140 | ||
| 020 | _a9780632052936 (pbk.) | ||
| 040 |
_aDLC _cDLC _dDLC |
||
| 050 | 0 | 0 |
_aQD453.2 _b.L45 2008 |
| 082 | 0 | 0 |
_a546 _222 _bLEE 1996 |
| 100 | 1 |
_aLee, J. D. _98565 |
|
| 245 | 1 | 0 |
_aConcise inorganic chemistry / _cJ.D. Lee. |
| 250 | _a5th ed. | ||
| 260 |
_aOxford ; _aMalden, MA : _bBlackwell Science, _c1996. |
||
| 300 |
_axxxv, 1032 p. : _bill. ; _c25 cm. |
||
| 504 | _aIncludes bibliographical references and index. | ||
| 650 | 0 |
_aChemistry, Physical and theoretical. _92922 |
|
| 650 | 0 |
_aChemical bonds. _98540 |
|
| 906 |
_a7 _bcbc _corigcop _d3 _encip _f20 _gy-gencatlg |
||
| 942 |
_2ddc _cSLOAN |
||
| 999 |
_c3906 _d3906 |
||